000 00641nam a2200193Ia 4500
005 20260120132200.0
008 008 260114s9999 xx 000 0 eng d
020 _a9781383002720
037 _aEBOOK
040 _aCRL
_beng
_cCRL
041 _aeng
_2eng
084 _qCRL
100 _aTanford
_9935938
245 0 _aBen Franklin Stilled the Waves: An Informal History of Pouring Oil on Water with Reflections on the Ups and Downs of Scientific Life in General
260 _bOxford University PressOxford University Press
_c2023
856 _uhttps://academic.oup.com/book/52749
942 _cEBOOK
999 _c1527861
_d1527861